Entry Konu Terimi
001 - KONTROL NUMARASI
- Kontrol alanı: 22265
003 - KONTROL NUMARASI KİMLİĞİ
- Kontrol alanı: TR-BiSEU
005 - SON İŞLEM TARİHİ VE ZAMANI
- Kontrol alanı: 20260207001651.0
008 - SABİT UZUNLUKTAKİ VERİ ÖGELERİ - GENEL BİLGİ
- Sabit uzunlukta kontrol alanı: 260207|| aca||aabn | a|a d
040 ## - KATALOGLAMA KAYNAĞI
- Özgün kataloglama kurumu: TR-BiSEU
- Çeviri kurumu: TR-BiSEU
150 ## - KONU BAŞLIKLARI - KONU TERİMİ
- Konu terimi: Türkiye--Tarih, Askeri--Osmanlı İmparatorluğu, 1218-1918
670 ## - BİLGİNİN KAYNAĞI
- Bilginin alındığı kaynak: KOHA: (TR-BiSEU)8839: Uzunçarşılı, İsmail Hakkı. 14174, Osmanlı Devleti Teşkilatından Kapukulu Ocakları 1: acemi ocağı ve yeniçeri ocağı/
